Countries In the world By Letter - Statistics

General Stats
  • This quiz has been taken 25 times
  • The average score is 10 of 12
Answer Stats
Letter Country % Correct
J Jordan
95%
O Oman
95%
Y Yemen
95%
K Kenya
91%
U Uganda
91%
R Romania
86%
I Italy
82%
E Ethiopia
73%
B Benin
68%
N Nigeria
68%
T Thailand
68%
P Pakistan
64%
No matching quizzes found
Score Distribution
Percent of People with Each Score
Percentile by Number Answered
Your Score History
You have not taken this quiz